000 00566nam a2200181Ia 4500
008 090123s9999 xx 000 0 und d
082 _b6776
_a891.463/आफळे
100 _aआफळे सुमती
245 _aडबवयातले आकाश
250 _a1
260 _bवसुधा प्रकाशन
_c1982
300 _a82
600 _aआफळे सुमती
630 _aडबवयातले आकाश
700 _aआफळे सुमती
730 _aडबवयातले आकाश
942 _cBOOK
999 _c44841
_d44841